Database systems : principles, design, and implementation (Record no. 4340)

000 -LEADER
fixed length control field 00682 a2200229 4500
020 ## - INTERNATIONAL STANDARD BOOK NUMBER
International Standard Book Number 0-02-946194-4
020 ## - INTERNATIONAL STANDARD BOOK NUMBER
International Standard Book Number 0-02-946194-4
040 ## - CATALOGING SOURCE
Original cataloging agency Library of Congress
Language of cataloging English
082 ## - DEWEY DECIMAL CLASSIFICATION NUMBER
Classification number 005.74
082 ## - DEWEY DECIMAL CLASSIFICATION NUMBER
Classification number 005.74
100 1# - MAIN ENTRY--PERSONAL NAME
Personal name Ricardo, Catherine M.
245 10 - TITLE STATEMENT
Title Database systems : principles, design, and implementation
Statement of responsibility, etc. Catherine M. Ricardo.
260 ## - PUBLICATION, DISTRIBUTION, ETC.
Place of publication, distribution, etc. New York :
Name of publisher, distributor, etc. Macmillan,
Date of publication, distribution, etc. c1990.
300 ## - PHYSICAL DESCRIPTION
Extent xv, 576 p. :
Other physical details ill. ;
Dimensions 24 cm.
650 #0 - SUBJECT ADDED ENTRY--TOPICAL TERM
Topical term or geographic name entry element Data base design
650 #0 - SUBJECT ADDED ENTRY--TOPICAL TERM
Topical term or geographic name entry element Data base management
650 #0 - SUBJECT ADDED ENTRY--TOPICAL TERM
Topical term or geographic name entry element Databashantering
650 #0 - SUBJECT ADDED ENTRY--TOPICAL TERM
Topical term or geographic name entry element Databashanteringssystem
650 #0 - SUBJECT ADDED ENTRY--TOPICAL TERM
Topical term or geographic name entry element Databashantering
650 #0 - SUBJECT ADDED ENTRY--TOPICAL TERM
Topical term or geographic name entry element Databashanteringssystem
942 ## - ADDED ENTRY ELEMENTS (KOHA)
Koha item type Book
Call number prefix 005.74 RIC
Source of classification or shelving scheme
Holdings
Withdrawn status Lost status Damaged status Not for loan Collection code Permanent Location Current Location Shelving location Date acquired Total Checkouts Full call number Barcode Date last seen Price effective from Koha item type Source of acquisition Cost, normal purchase price Source of classification or shelving scheme Total Renewals Public note Date last checked out
          Central Library (CL) Central Library (CL) First Floor - Databases 12/08/2000   005.74 RIC SEECS000697 11/14/2012 01/05/2017 Book            
          Central Library (CL) Central Library (CL) First Floor - Databases 11/30/2000   005.74 RIC SEECS000429 11/14/2012 01/05/2017 Book Oxford University Press 361.08        
          Central Library (CL) Central Library (CL) First Floor - Databases 11/30/2000   005.74 RIC SEECS000430 11/14/2012 01/05/2017 Book Oxford University Press 361.08        
          Central Library (CL) Central Library (CL) First Floor - Databases 11/30/2000   005.74 RIC SEECS000431 11/14/2012 01/05/2017 Book Oxford University Press 361.08        
          Central Library (CL) Central Library (CL) First Floor - Databases 12/18/2000   005.74 RIC SEECS000649 11/14/2012 01/05/2017 Book            
WITHDRAWN         Central Library (CL) Central Library (CL) First Floor - Databases 07/03/2001   005.74 RIC SEECS001049 07/03/2025 01/05/2017 Book       3 Write Off vide Minute ID 312470 Dated 18-11-2021  
          Central Library (CL) Central Library (CL) First Floor - Databases 12/17/2008 1 005.74 RIC SEECSD00208 02/24/2021 01/05/2017 Book Donation         10/14/2020
          Central Library (CL) Central Library (CL) First Floor - Databases 11/29/2011   005.74 RIC SEECSD00448 03/16/2023 01/05/2017 Book Donation          
          Central Library (CL) Central Library (CL) First Floor - Databases 11/29/2011   005.74 RIC SEECSD00449 11/14/2012 01/05/2017 Book Donation          
© 2023 Central Library, National University of Sciences and Technology. All Rights Reserved.